100 biggest cities in nigeria - Statistics

General Stats
  • This quiz has been taken 6 times
  • The average score is 18 of 100
Answer Stats
Hint Answer % Correct
590,400 Abuja
100%
9,000,000 Lagos
100%
1,125,058 Benin City
83%
3,626,068 Kano
83%
1,148,665 Port Harcourt
83%
1,582,102 Kaduna
67%
1,112,449 Maiduguri
67%
975,153 Zaria
67%
897,560 Aba
50%
593,100 Abeokuta
50%
420,594 Akure
50%
688,862 Enugu
50%
3,565,108 Ibadan
50%
814,192 Ilorin
50%
816,824 Jos
50%
432,149 Katsina
50%
561,066 Onitsha
50%
563,861 Sokoto
50%
96,006 Yola
50%
316,149 Bauchi
33%
461,796 Calabar
33%
127,236 Lafia
33%
292,645 Makurdi
33%
291,905 Minna
33%
736,072 Oyo
33%
436,606 Uyo
33%
536,023 Warri
33%
424,340 Ado-Ekiti
17%
167,738 Awka
17%
171,656 Bida
17%
108,164 Birnin Kebbi
17%
95,005 Biu
17%
136,811 Funtua
17%
226,857 Gusau
17%
110,753 Hadejia
17%
313,196 Ikeja
17%
117,757 Jalingo
17%
98,754 Kontagora
17%
111,014 Nguru
17%
111,017 Nsukka
17%
257,005 Ondo
17%
156,694 Osogbo
17%
215,038 Owerri
17%
106,322 Pindiga
17%
161,686 Sapele
17%
264,662 Umuahia
17%
92,933 Wukari
17%
134,102 Abakaliki
0%
127,300 Amaigbo
0%
230,000 Atani
0%
105,687 Azare
0%
118,121 Bama
0%
135,404 Buguma
0%
535,619 Ebute Ikorodu
0%
86,945 Effium
0%
279,319 Efon-Alaaye
0%
138,357 Ejigbo
0%
90,645 Emure-Ekiti
0%
112,033 Esuk Oron
0%
125,817 Gashua
0%
139,485 Gbongan
0%
250,258 Gombe
0%
88,272 Ifo
0%
136,764 Igboho
0%
92,719 Igbo-Ora
0%
87,282 Igede-Ekiti
0%
109,261 Ijebu-Igbo
0%
209,175 Ijebu-Ode
0%
167,632 Ijero-Ekiti
0%
103,054 Ikere-Ekiti
0%
222,160 Ikire
0%
134,240 Ikirun
0%
254,806 Ikot Ekpene
0%
179,192 Ila Orangun
0%
277,904 Ilesa
0%
118,089 Ilobu
0%
164,161 Inisa
0%
190,063 Ise-Ekiti
0%
89,990 Isieke
0%
250,443 Iwo
0%
248,148 Jimeta
0%
155,510 Kisi
0%
97,367 Kuje
0%
102,779 Lafiagi
0%
93,290 Lere
0%
119,529 Modakeke
0%
225,705 Mubi
0%
103,733 Nkpor
0%
193,987 Nnewi
0%
113,830 Offa
0%
479,178 Okene
0%
115,499 Okigwe
0%
133,271 Okrika
0%
95,002 Olupona
0%
276,574 Owo
0%
178,677 Saki
0%
214,558 Shagamu
0%
162,135 Suleja
0%
200,276 Ugep
0%
108,608 Uromi
0%
No matching quizzes found
Score Distribution
Percent of People with Each Score
Percentile by Number Answered
Your Score History
You have not taken this quiz